000 00551nam a2200241Ia 4500
003 0100
008 130307s9999 xx 000 0 und d
020 _a0816424764
040 _cARRUPELIB
050 _aBL80.2.C344 1983
100 _aCarmody, Denise Lardner
245 _aReligion
245 _bthe great questions
260 _aMinneapolis
260 _bThe Seabury Press
260 _c1983
300 _a182p.
300 _b23cm.
650 _aRELIGION
650 _bComparative government
700 _aCarmody, John
942 0 0 _07
999 _c94858
_d94858